000 01298nam a2200241 a 4500
003 DO-SdBNP
005 20220208123902.0
007 ta
008 220207e2018 dr ||||er|||| 001 edspa d
020 _a9788409017959
040 _aDO-SdBNP
_bspa
_cBNPHU
082 2 _222
_bA795a
100 1 _925165
_aArvelo, Alejandro,
_d1959-
245 1 0 _aAristóteles o la presición :
_bapuntes a la pasión del que nombra /
_cAlejandro Arvelo.
260 _aEspaña :
_bACUDEBI,
_c[2018]
300 _a71 p. ;
_c21 cm.
500 _aIncluye datos biográficos del autor en la solapa de la cubierta.
504 _aBibliografía: p. 69- 71.
505 _aEl imperio de precisión, ¿un requisito tácito para filosofar?.--
_tI. La propiedad y la axactitud, normas de hechos en Aristóteles.--
_tII. La lengua, ¿medio o causa eficiente del pensamiento?.--
_tIII. Retórica, pensamiento e imperativo de precisión.--
_tIV. La delimitación rigurosa de matices, vínculo intangible entre lógica y retórica.--
_tV. Modo, utilidad y conciencia del valor hermenéutico de la presición terminológica en Aristóteles.--
_tPresición como método y como reserva crítica de la humanidad en las actuales circunstancias.--
_tBibliorafía.
590 _aInventariado 2022 / MF
910 _aMFeliz
942 _2ddc
_cLBS1
999 _c51368
_d51368